| 000 | 01052cam a22003013a 4500 | ||
|---|---|---|---|
| 001 | 7880 | ||
| 003 | PGUSA | ||
| 005 | 20140828083150.0 | ||
| 008 | 050401s2005||||xxu|||||s|||||000 | eng d | ||
| 040 |
_aPGUSA _beng |
||
| 042 | _adc | ||
| 050 | 4 | _aPS | |
| 100 | 1 |
_aHawthorne, Nathaniel, _d1804-1864 |
|
| 245 | 1 | 0 |
_aPassages from the French and Italian Notebooks, Volume 2. _h[electronic resource] / _cNathaniel Hawthorne |
| 260 |
_bProject Gutenberg, _c2005 |
||
| 506 | _aPublic domain in the USA. | ||
| 516 | _aElectronic text | ||
| 653 | _aItaly -- Description and travel | ||
| 653 | _aHawthorne, Nathaniel, 1804-1864 -- Travel -- France | ||
| 653 | _aHawthorne, Nathaniel, 1804-1864 -- Travel -- Italy | ||
| 653 | _aFrance -- Description and travel | ||
| 653 | _aHawthorne, Nathaniel, 1804-1864 -- Diaries | ||
| 653 | _aAmericans -- Europe -- History -- 19th century | ||
| 653 | _aNovelists, American -- 19th century -- Diaries | ||
| 830 | 0 |
_aProject Gutenberg _v7880 |
|
| 856 | 4 | 0 | _uhttp://www.gutenberg.org/ebooks/7880 |
| 942 | _cEB | ||
| 999 |
_c237180 _d237180 |
||